00470 2200169 4500001002100000005001500021035002000036008004100056082001100097245006200108260003500170084001700205100002100222300002400243650001500267520001800282INLIS00000000000177020220704103001 a0010-0521001770220704 g 0 eng  a619+921 aElements of the veterinary art /cCharles Vial De Sainbel aPiccadilly :bJ. Wright,c1979 a619+92 SAI e0 aSAINBEL, C.V. De a482 p., ill.; 25 cm 4aVETERINARY aServer 2014/E